Microelectronics : circuit analysis and design

Bibliographic Details
Main Author: Neamen, Donald A
Format: Book
Language:English
Published: New York : McGrawHill , 2010
Edition:4th ed.
Subjects:

MARC

LEADER 00000cam a2200000 7i4500
001 0000023914
005 20120430.0
008 111116s njua eng
020 |a 9780071289474 (International edition) 
020 |a 9780073380643 ,   |c RM532.00 
040 |a INS 
090 0 0 |a TK7867   |b N43 2010 
100 1 |a Neamen, Donald A 
245 1 0 |a Microelectronics :   |b circuit analysis and design   |c Donald A.Neamen 
250 |a 4th ed. 
260 |a New York :   |b McGrawHill ,   |c 2010 
300 |a xxi, 1370p. :   |b ill. ;   |c 26cm. 
500 |a Includes index 
650 0 |a Electronic circuit design 
650 0 |a Semiconductors   |x Design and construction 
999 |a 1000000454   |b BOOK   |c Open Shelf   |e Default branch 
999 |a 1000000792   |b BOOK   |c Open Shelf   |e Default branch